| 000 | 01500cam a2200361 a 4500 | ||
|---|---|---|---|
| 001 | 15134015 | ||
| 003 | OSt | ||
| 005 | 20250226202847.0 | ||
| 008 | 080110s2009 njua b 001 0 eng | ||
| 010 | _a 2008000915 | ||
| 020 | _a9780136044086 | ||
| 020 | _a0136044085 | ||
| 035 | _a(OCoLC)ocn190785299 | ||
| 035 | _a(OCoLC)190785299 | ||
| 040 |
_aDLC _cDLC _dDLC |
||
| 050 | 0 | 0 |
_aBF637.L4 _bN35 2009 |
| 082 | 0 | 0 |
_a158/.4 _222 |
| 100 | 1 | _aNahavandi, Afsaneh. | |
| 245 | 1 | 4 |
_aThe art and science of leadership / _cAfsaneh Nahavandi. |
| 250 | _a5th ed. | ||
| 260 |
_aUpper Saddle River, N.J. : _bPearson Prentice Hall, _cc2009. |
||
| 300 |
_axxiii, 406 p. : _bill. ; _c24 cm. |
||
| 500 | _aIncludes index | ||
| 504 | _aIncludes bibliographical references (p. 359-392) and indexes. | ||
| 505 | 0 | _aDefinition and significance of leadership -- The global and cultural contexts -- Early theories -- Individual differences and traits -- Power and leadership -- New models for leadership -- Other leadership perspectives -- Participative management and leading teams -- Leading change -- Developing leaders. | |
| 600 | _2Leadership | ||
| 650 | 0 | _aLeadership. | |
| 650 | 0 |
_aLeadership _vCross-cultural studies. |
|
| 856 | 4 | 1 |
_3Table of contents only _uhttp://www.loc.gov/catdir/toc/ecip088/2008000915.html |
| 906 |
_a7 _bcbc _corignew _d1 _eecip _f20 _gy-gencatlg |
||
| 942 |
_2lcc _cBK _n0 |
||
| 999 |
_c4397 _d4397 |
||